Paroles Spitfire - Tip Stevens - Statistiques

Statistiques générales
  • Ce quiz a été pris 49 fois
  • Le résultat moyen est 331 sur 393
Statistiques - réponses
Lyrics % Correct
a
100%
fire
100%
fire)
100%
I
100%
it
100%
keep
100%
(Keep
100%
Keep
100%
the
100%
The
100%
we
100%
for
96%
in
96%
In
96%
inside
96%
inside)
96%
later
96%
need
96%
to
96%
To
96%
away
92%
blow
92%
don't
92%
my
92%
never
92%
Never
92%
on
92%
release
92%
with
92%
you
92%
alive
88%
alive,
88%
alive)
88%
And
88%
anger
88%
breath
88%
face
88%
I'll
88%
no
88%
One
88%
one
88%
shot,
88%
silence
88%
violence
88%
your
88%
can't
85%
know
85%
Ready
85%
ride
85%
see
85%
Tonight
85%
will
85%
willl
85%
winter
85%
worth
85%
you're
85%
Cause
81%
coat
81%
dragons
81%
lungs
81%
not
81%
pride,
81%
pride
81%
pride)
81%
shoulders
81%
start
81%
swallow
81%
Swallow
81%
(Swallow
81%
tame
81%
way
81%
who's
81%
ahead
77%
animal
77%
deep
77%
filled
77%
fuel
77%
of
77%
end
73%
freezing
73%
road
73%
taste
73%
'til
73%
waste
73%
afford
69%
at
69%
But
69%
control,
69%
control
69%
death
69%
home
69%
live
69%
Make
69%
make
69%
enjoy
65%
humble
65%
Learn
65%
is
62%
Nourish
62%
(Nourish
62%
while
62%
all
58%
blaze
58%
fears
58%
friend,
58%
heat
58%
love
58%
more
58%
sour
58%
weaken
58%
without
58%
ease
54%
Find
54%
if
54%
next
54%
nor
54%
wine
54%
flame
50%
seat,
50%
sober
50%
stay
50%
weight
50%
here
46%
Playing
46%
they
46%
hands,
42%
patience
42%
tell
42%
sleep
38%
thrill
38%
You'll
38%
danger
35%
Give
35%
put
35%
still
35%
burns
31%
fruits
31%
age
27%
eat,
27%
Harvest
27%
some
23%
Savour
15%
Aucun quiz correspondant
Distribution des résultats
% des personnes avec chaque résultat
Percentile par nombre de réponses
Votre historique - résultats
Vous n’avez pas pris ce quiz